000 00347nam a2200133Ia 4500
008 151001s9999||||xx |||||||||||||| ||und||
100 _aशोभा बडवे
245 _aलालमपऱ्या आणि संगणेश
250 _a1
260 _bदिलीपराज
260 _c2013
300 _a80
365 _b24
999 _c1000111
_d1000108